000 00907nam a22002417a 4500
005 20240530110528.0
008 160308s2013 ua a g 000 0 ara d
017 _a13885
_bمصر . دار الكتب المصرية
020 _a9789773582794
040 _aEG-CaGPL
082 0 4 _221
_a330\
_bب ك
100 1 _aباكلى ، جورج
245 1 0 _aكل ما تحتاج الى معرفتة علم الاقتصاد /
_cتاليف جورج باكلى ؛ ترجمة احمد المغربى
250 _aط1
260 _aالقاهرة :
_bدار الفجر للنشر و التوزيع ،
_c2013 .
300 _a248 ص :
_bايض ؛
_c24 سم .
650 0 4 _aالاقتصاد
650 0 4 _aالاحوال الاقتصادية
650 0 4 _aالتخطيط الاقتصادى
700 0 _aاحمد المغربى
_eمترجم
942 _2ddc
_cBK
999 _c62027
_d62027